000 00380nam a22001337a 4500
082 _a621.3193
_bDOV
_cL-10, P-12
100 _aDover A.T
_941356
245 _aPower wiring diagrams dover /
_cA.T Dover
260 _aLondon :
_bSIR ISAAC Pitman & Sons, Ltd.
_cc1917.
300 _axvi 216 p. :
526 _a0
_b0
_c0
_d621_319300000000000_DOV
650 _aMCE
_9379
942 _2ddc
_cBK
999 _c545643
_d545643